[Event "CZE-chT2d 0304"]
[Site "Czech Republic"]
[Date "2004.??.??"]
[Round "?"]
[White "Krondraf, Karel"]
[Black "Schabsky, Ludek"]
[Result "1-0"]
[WhiteElo "2100"]
[BlackElo "1840"]
[PlyCount "51"]
[EventDate "2003.??.??"]
[EventType "team"]
[EventRounds "11"]
[EventCountry "CZE"]
[SourceTitle "EXT 2007"]
[Source "ChessBase"]
[SourceDate "2006.11.23"]
[SourceVersion "1"]
[SourceVersionDate "2006.11.23"]
[SourceQuality "1"]

1. e4 c5 2. Nf3 Nc6 3. d4 cxd4 4. Nxd4 g6 5. Nc3 Bg7 6. Be3 Nf6 7. f3 d6 8. Qd2 0-0 9. 0-0-0 Bd7 10. g4 Rc8 11. Kb1 a6 12. h4 b5 13. h5 Qc7 14. Bh6 Nxd4 15. hxg6 fxg6 16. Qxd4 Ne8 17. Bxg7 Nxg7 18. Rd2 Rxf3 19. Nd5 Qd8 20. Rdh2 Ne6 21. Qd1 Rf7 22. Bd3 Bc6 23. Qd2 Bxd5 24. exd5 Nc5 25. Bxg6 Rg7 26. Bxh7+ 1-0